[Event "8. Montreal Empresa 2007"]
[Site "Montreal CAN"]
[Date "2007.07.20"]
[Round "2.3"]
[White "Short, Nigel"]
[Black "Harikrishna, Pentala"]
[Result "0-1"]
[WhiteElo "2683"]
[BlackElo "2664"]
[PlyCount "38"]
[EventDate "2007.07.19"]
[EventType "tourn"]
[EventRounds "9"]
[EventCountry "CAN"]
[EventCategory "16"]
[Source "lmi"]
[SourceDate "2007.07.19"]

1. e4 e5 2. Nf3 Nf6 3. Nxe5 d6 4. Nf3 Nxe4 5. d3 Nf6 6. d4 d5 7. Bd3 Bd6 8. O-O
O-O 9. h3 h6 10. Nc3 c6 11. Re1 Re8 12. Rxe8+ Nxe8 13. Ne5 Nd7 14. Bf4 Nf8 15.
Qh5 Be6 16. Re1 f6 17. Ng6 Bf7 18. Bxd6 Nxd6 19. g4 Ne4 0-1